Statistiken für Formen der Wiener Bezirke

Klicken Sie hier um das Quiz zu spielen!

Allgemein

  • Dieses Quiz wurde 26 mal gespielt
  • Das Durchschnittsergebnis liegt bei 14 aus 23

Antwortstatistiken

Antwort% Korrekt
Donaustadt
91%
Leopoldstadt
86%
Brigittenau
73%
Innere Stadt
73%
Favoriten
68%
Ottakring
68%
Hernals
64%
Josefstadt
64%
Liesing
64%
Penzing
64%
Alsergrund
59%
Döbling
59%
Floridsdorf
59%
Landstraße
59%
Neubau
59%
Rudolfsheim-Fünfhaus
59%
Währing
59%
Mariahilf
55%
Meidling
55%
Simmering
55%
Wieden
55%
Hietzing
50%
Margareten
50%

Verteilung der Resultate

Perzentil nach korrekt beantworteten Fragen

Anzahl Personen mit jedem Resultat

Ihre Resultats-Entwicklung

Sie haben dieses Quiz noch nicht gespielt